00269nam a2200121Ia 4500008004100000100001900041245003100060260001200091260001100103260000900114300000700123650001700130160221s9999 xx 000 0 und d10aWithana,W.V.E. aBio Assays for Antioxidant aColombo bIchemc c2015 a27 aAntioxidants